Nők, mint vezetők a turisztikai vállalkozások élén - avagy miért reprezentáltak alul a nők a turizmus vezetésében?

Bibliográfiai részletek
Szerző: Murvai Rebeka Lina
További közreműködők: Szalók Zsófia Csilla
Dokumentumtípus: Diplomadolgozat
Kulcsszavak:munkaerő
női egyenjogúság
nők
turizmus
vezetés
Online Access:http://dolgozattar.uni-bge.hu/60091

MARC

LEADER 00000nta a2200000 i 4500
001 dolg60091
005 20260409145958.0
008 260409suuuu hu om 000 hun d
040 |a BGE Dolgozattár Repozitórium  |b hun 
041 |a hu 
100 1 |a Murvai Rebeka Lina 
245 1 0 |a Nők, mint vezetők a turisztikai vállalkozások élén - avagy miért reprezentáltak alul a nők a turizmus vezetésében?  |c Murvai Rebeka Lina  |h [elektronikus dokumentum] 
520 3 |a A szakdolgozat a női vezetők turizmusban betöltött szerepét vizsgálja, kitérve alulreprezentáltságuk okaira. Mélyinterjúk és szakirodalmi kutatás révén feltárja, hogy bár a szektor munkaerejének többsége nő, a vezetői pozíciókban arányuk alacsony. A különböző turisztikai területek (szállodaipar, vendéglátás, utazásszervezés) összehasonlítása mellett azonosítja azokat a jó gyakorlatokat - rugalmas munkaszervezés, mentorprogramok - amelyek elősegíthetik a női vezetők arányának növekedését és hozzájárulhatnak a turisztikai vállalkozások sikeréhez. 
695 |a munkaerő 
695 |a női egyenjogúság 
695 |a nők 
695 |a turizmus 
695 |a vezetés 
700 1 |a Szalók Zsófia Csilla  |e ths 
856 4 0 |u http://dolgozattar.uni-bge.hu/60091/1/Murvai_Rebeka_Lina_Szakdolgozat_FK1W2P_N%C5%91k%2C%20mint%20vezet%C5%91k%20a%20turisztikai%20v%C3%A1llalkoz%C3%A1sok%20%C3%A9l%C3%A9n_.pdf  |z Dokumentum-elérés 
856 4 0 |u http://dolgozattar.uni-bge.hu/60091/2/Murvai%20Rebeka_konzulensi%20b%C3%ADr%C3%A1lat_Szal%C3%B3k%20Csilla.pdf  |z Dokumentum-elérés 
856 4 0 |u http://dolgozattar.uni-bge.hu/60091/3/Murvai%20Rebeka%20Lina_opponens_Sz%C3%BCts%20Ildik%C3%B3.pdf  |z Dokumentum-elérés